000 01012nam a22002297a 4500
005 20171222164051.0
010 _aHIN-84852
020 _a9788189859756
_c295.00
035 _aHN-57198
037 _bDBAD / PUB
082 _a
100 _aभैरप्पा, एस.एल.
245 _aसाक्षी /
_cएस.एल. भैरप्पा ;वी.बी.पुत्रन द्वारा अनुदित
246 _aSaakshi
_bby Bhyrappa
260 _aनई दिल्ली
_bकिताबघर प्रकाशन
_c2008
270 _a4855-56/24, अंसारी रोड, दरियागंज
_bनई दिल्ली
_e110002
300 _a371पृ
_c18सेमी ( सजिल्द)
650 _aकन्नङ कथा साहित्य
_xहिन्दी में अनुवाद
650 _aKannada fiction
_xTranslations into Hindi
700 _aपुत्रन, वी.बी.
942 _2ddc
_cHN
_h
_mभैरप्पा
999 _c18352
_d18352